Tourism and regional development: (Record no. 1678613)

MARC details
000 -LEADER
fixed length control field 00785 a2200253 4500
005 - DATE AND TIME OF LATEST TRANSACTION
control field 20260306130259.0
008 - FIXED-LENGTH DATA ELEMENTS--GENERAL INFORMATION
fixed length control field 260306b |||||||| |||| 00| 0 eng d
020 ## - INTERNATIONAL STANDARD BOOK NUMBER
International Standard Book Number 978-0-7546-4746-1
037 ## - SOURCE OF ACQUISITION
Terms of availability TB
040 ## - CATALOGING SOURCE
Original cataloging agency CRL
Transcribing agency CRL
041 ## - LANGUAGE CODE
Source of code eng
Language code of text/sound track or separate title eng
084 ## - COLON CLASSIFICATION NUMBER
Classification number U80aX:77 P6
Assigning agency CRL
245 ## - TITLE STATEMENT
Title Tourism and regional development:
Remainder of title new pathways
260 ## - PUBLICATION, DISTRIBUTION, ETC.
Place of publication, distribution, etc. London, UK:
Name of publisher, distributor, etc. Routledge,
Date of publication, distribution, etc. 2006.
300 ## - PHYSICAL DESCRIPTION
Extent xii,311p.
365 ## - TRADE PRICE
Price amount 55.99/58.99
Currency code GBP
650 ## - SUBJECT ADDED ENTRY--TOPICAL TERM
Topical term or geographic name entry element Travel
650 ## - SUBJECT ADDED ENTRY--TOPICAL TERM
Topical term or geographic name entry element Geography
650 ## - SUBJECT ADDED ENTRY--TOPICAL TERM
Topical term or geographic name entry element Economics
700 ## - ADDED ENTRY--PERSONAL NAME
Personal name Giaoutzi, Maria
Relator term Editor,
9 (RLIN) 1113512
700 ## - ADDED ENTRY--PERSONAL NAME
Personal name Nijkamp, Peter
Relator term Editor,
9 (RLIN) 1123665
942 ## - ADDED ENTRY ELEMENTS (KOHA)
Koha item type Textbook
Source of classification or shelving scheme Colon Classification (CC)
Classification part U80aX:77 P6
Holdings
Withdrawn status Lost status Source of classification or shelving scheme Damaged status Not for loan Home library Current library Date acquired Source of acquisition Cost, normal purchase price Total Checkouts Date last seen Cost, replacement price Price effective from Koha item type Inventory number Full call number Barcode Public note
    Colon Classification (CC)     Central Library Central Library 2026-02-09 18 4821.92   2026-02-09 6888.45 2026-02-09 Textbook        
    Colon Classification (CC)     Central Library Central Library 2026-03-06 Bright Book Service 5110.01   2026-02-19 7300.01 2026-02-19 Textbook 2597 & 05/02/2026/ 2611 & 16/02/2026 U80aX:77 P6 CL1925916 Department of Continuing Education and Extension
    Colon Classification (CC)     Central Library Central Library 2026-03-06 Bright Book Service 5110.01   2026-03-06 7300.01 2026-02-19 Textbook 2597 & 05/02/2026/ 2611 & 16/02/2026 U80aX:77 P6 CL1926589 Department of Continuing Education and Extension
Copyright @ Delhi University Library System